A History of Africa / (Record no. 764)

MARC details
000 -LEADER
fixed length control field 01199cam a2200349 a 4500
001 - CONTROL NUMBER
control field 14490237
003 - CONTROL NUMBER IDENTIFIER
control field OSt
005 - DATE AND TIME OF LATEST TRANSACTION
control field 20230607084104.0
008 - FIXED-LENGTH DATA ELEMENTS--GENERAL INFORMATION
fixed length control field 060810s2006 ke ab b 001 0 eng
010 ## - LIBRARY OF CONGRESS CONTROL NUMBER
LC control number 2006315593
020 ## - INTERNATIONAL STANDARD BOOK NUMBER
International Standard Book Number 9789966253576 (v. 1)
020 ## - INTERNATIONAL STANDARD BOOK NUMBER
International Standard Book Number 9966253572 (v. 1)
020 ## - INTERNATIONAL STANDARD BOOK NUMBER
International Standard Book Number 9789966253583 (v. 2)
020 ## - INTERNATIONAL STANDARD BOOK NUMBER
International Standard Book Number 9966253580 (v. 2)
040 ## - CATALOGING SOURCE
Original cataloging agency DLC
Transcribing agency DLC
Modifying agency DLC
042 ## - AUTHENTICATION CODE
Authentication code lcode
043 ## - GEOGRAPHIC AREA CODE
Geographic area code f------
050 00 - LIBRARY OF CONGRESS CALL NUMBER
Classification number DT20
Item number .O348 2006
082 ## - DEWEY DECIMAL CLASSIFICATION NUMBER
Classification number 960.312
Item number OKO
100 1# - MAIN ENTRY--PERSONAL NAME
Personal name Okoth, Assa.
245 12 - TITLE STATEMENT
Title A History of Africa /
Statement of responsibility, etc. Assa Okoth.
260 ## - PUBLICATION, DISTRIBUTION, ETC. (IMPRINT)
Place of publication, distribution, etc. Nairobi :
Name of publisher, distributor, etc. East African Educational Publishers,
Date of publication, distribution, etc. 2006.
300 ## - PHYSICAL DESCRIPTION
Extent 2 v. :
Other physical details ill., maps ;
Dimensions 25 cm.
500 ## - GENERAL NOTE
General note "1915-1995"--Vol. 2, cover.
504 ## - BIBLIOGRAPHY, ETC. NOTE
Bibliography, etc Includes bibliographical references and index.
505 1# - FORMATTED CONTENTS NOTE
Formatted contents note v. 1. African societies and the establishment of colonial rule, 1800-1915 -- v. 2. African nationalism and the de-colonisation process.
651 #0 - SUBJECT ADDED ENTRY--GEOGRAPHIC NAME
Geographic name Africa
General subdivision History.
856 41 - ELECTRONIC LOCATION AND ACCESS
Materials specified Table of contents only
Uniform Resource Identifier <a href="http://www.loc.gov/catdir/toc/fy0702/2006315593.html">http://www.loc.gov/catdir/toc/fy0702/2006315593.html</a>
906 ## - LOCAL DATA ELEMENT F, LDF (RLIN)
a 7
b cbc
c origode
d 3
e ncip
f 20
g y-gencatlg
942 ## - ADDED ENTRY ELEMENTS (KOHA)
Source of classification or shelving scheme Dewey Decimal Classification
Koha item type Books
Holdings
Withdrawn status Lost status Source of classification or shelving scheme Damaged status Not for loan Home library Current library Date acquired Total Checkouts Full call number Barcode Date last seen Price effective from Koha item type Copy number
    Dewey Decimal Classification     Bunge Tower Library Bunge Tower Library 06/07/2023   960.312 OKO 10014487 06/07/2023 06/07/2023 Books  
    Dewey Decimal Classification     Bunge Tower Library Bunge Tower Library 06/07/2023   960.312 OKO 10014497 06/07/2023 06/07/2023 Books  
    Dewey Decimal Classification     Bunge Tower Library Bunge Tower Library 06/07/2023   960.312 OKO 10014296 06/07/2023 06/07/2023 Books  
    Dewey Decimal Classification     Bunge Tower Library Bunge Tower Library 06/07/2023   960.312 OKO 10014486 06/07/2023 06/07/2023 Books Vol 1, 1800-1914
    Dewey Decimal Classification     Bunge Tower Library Bunge Tower Library 06/07/2023   960.312 OKO 10014297 06/07/2023 06/07/2023 Books Vol 1, 1800-1941
    Dewey Decimal Classification     Bunge Tower Library Bunge Tower Library 06/07/2023   960.312 OKO 10014496 06/07/2023 06/07/2023 Books Vol 1, 1800-1914
LIBRARY OPENING HOURS

When the Parliament is sitting: 8.00a.m - 7.00p.m or until the house adjourns
Mondays and Fridays and when the House is on Recess:  8.00a.m - 5.00p.m
Closed on Weekends and Public Holidays

Online Public Access Catalog (OPAC)
Website: http://www.parliament.go.ke
Bunge Library: https://libraryir.parliament.go.ke
Contact: library@parliament.go.ke | Tel no: (254-2)2221291 or 2848000 Ext 5043